United states foreign policy, 1945-1955 (Record no. 424452)

000 -LEADER
fixed length control field 00502cam a22001457a 4500
008 - FIXED-LENGTH DATA ELEMENTS--GENERAL INFORMATION
fixed length control field 180718b1956 xxu||||| |||| 00| 0 eng d
082 ## - DEWEY DECIMAL CLASSIFICATION NUMBER
Classification number Dx73 R278
100 ## - MAIN ENTRY--PERSONAL NAME
Personal name Reitzel, William
245 ## - TITLE STATEMENT
Title United states foreign policy, 1945-1955
Statement of responsibility, etc. by William Reitzel, Morton A. Kaplan and Constance G. Coblenz
260 ## - PUBLICATION, DISTRIBUTION, ETC.
Place of publication, distribution, etc. Washington
Name of publisher, distributor, etc. Brookings Institution
Date of publication, distribution, etc. 1956
300 ## - PHYSICAL DESCRIPTION
Extent xi, 535p
650 ## - SUBJECT ADDED ENTRY--TOPICAL TERM
Topical term or geographic name entry element United States --Foreign relations --1945-1953
700 ## - ADDED ENTRY--PERSONAL NAME
Personal name Coblenz, Constance G.
700 ## - ADDED ENTRY--PERSONAL NAME
Personal name Kaplan, Morton A.
Holdings
Withdrawn status Lost status Damaged status Not for loan Permanent Location Current Location Date acquired Full call number Barcode Date last seen Price effective from Koha item type
        Indian Institute of Public Administration Indian Institute of Public Administration 2009-09-22 Dx73 R278 12245 2018-07-21 2018-07-21 Book

Powered by Koha